Grading knowledge : extracting degree information from texts

Αποθηκεύτηκε σε:
Λεπτομέρειες βιβλιογραφικής εγγραφής
Κύριος συγγραφέας: Staab, Steffen
Μορφή: Βιβλίο
Γλώσσα:English
Δημοσίευση: Berlin ; New York : Springer, c1999
Σειρά:Lecture notes in computer science. Lecture notes in artificial intelligence ; ; 1744
Θέματα:
Ετικέτες: Προσθήκη ετικέτας
Δεν υπάρχουν, Καταχωρήστε ετικέτα πρώτοι!

MARC

LEADER 00000nam a2200000 i 4500
001 1/12962
008 001103s1999 eng d
020 |a 3-540-66934-5 
035 |l 10064428 
040 |a GR-MY-UA  |b gre  |e aacr 
041 0 |a eng 
082 0 |a 006.35 
100 1 |a Staab, Steffen. 
245 1 0 |a Grading knowledge :  |b extracting degree information from texts /  |c Steffen Staab 
260 |a Berlin ; New York :   |b Springer,   |c c1999 
300 |a xiv, 187 p.;  |b ill.;  |c 24 cm. 
490 1 |a Lecture notes in computer scisnce  |v ; 1744 
490 1 |a Lecture notes in artificial intelligence 
504 |a Includes bibliographical references 
650 0 0 |a Natural language processing (Computer science) 
650 0 0 |a Text processing (Computer science) 
830 0 |a Lecture notes in computer science. Lecture notes in artificial intelligence ;  |v ; 1744 
852 |a INST  |b SAMOS  |e 20001103  |h 006.35 STA  |p 005300018586  |q 005300018586  |t BK  |y 0 
901 |a BIBL3-2000-3 
909 |a Σ  |b 081280 
922 |a 3ΕΛΗ  |b 200002  |c ΤΠΕΣ/ΤΑΚΤ  |d ΠΑΠΑΣΩΤΗΡΙΟΥ 
970 |a ΜΑΛΑΓΑΡΗ  |b ΦΩΤΕΙΝΗ  |z 2000/11/3